00462nam a2200157Ia 450000500170000000800410001708200130005810000210007124500320009226000360012430000130016065000110017394200060018495200990019099900150028920250325051758.0240331s9999 xx 000 0 und d bRAJa894 aRajanarayanan, K 0aK.Rajanarayanan kadduraikal aShivagangaibAnam Pvt Ltdc1991 a220 p ., aEssays cL 001040708LaWERCLbWERCLcSSCd2024-03-31l0o 894.811 RAJp3652r2024-03-31w2024-03-31yL c4131d4131